Najmniejsze państwa świata zawierające literę. - Statystyki

Ogólne statystyki
  • Ten quiz został rozwiązany 47 razy
  • Średni wynik to 18 z 31
Statystyki odpowiedzi
Litera Państwo % Poprawnych
A Watykan
97%
K Watykan
97%
N Watykan
97%
T Watykan
97%
W Watykan
97%
Y Watykan
97%
M Monako
85%
O Monako
85%
C Liechtenstein
79%
E Liechtenstein
79%
H Liechtenstein
79%
I San Marino
79%
S San Marino
79%
F Fidżi
54%
R Nauru
54%
U Nauru
54%
B Barbados
46%
L Tuvalu
44%
V Tuvalu
44%
P Wyspy Marshalla
44%
Z Seszele
41%
Ą Wyspy Świętego Tomasza i Książęca
38%
Ę Wyspy Świętego Tomasza i Książęca
38%
Ś Wyspy Świętego Tomasza i Książęca
38%
Ż Wyspy Świętego Tomasza i Książęca
38%
D Malediwy
33%
J Bahrajn
31%
G Grenada
28%
Ń Republika Środkowoafrykańska
10%
Ó Czarnogóra
5%
Ł Słowenia
5%
Nie znaleziono quizów pasujących do podanych kryteriów
Rozkład punktacji
Procent ludzi z każdym wynikiem
Percentyl według liczby udzielonych odpowiedzi
Twoja historia wyników
Nie rozwiązałeś tego quizu